| 000 | 00644cam a2200181 a 4500 | ||
|---|---|---|---|
| 020 | _a9290580356 | ||
| 020 | _a9789290580355 | ||
| 040 | _cDLC | ||
| 082 | 0 | 0 | _a633 JOH 1991 C162 Or. |
| 245 | 0 | 0 |
_aMungbean : _bproceedings of the second international symposium, Bangkok, Thailand, 16-20 November 1987 |
| 260 |
_aTaipei : _bAsian Vegetable Research and Development Center, _c[1988] |
||
| 300 |
_axviii, 730 p. : _bill., maps ; _c26 cm |
||
| 500 | _a"December 1988." | ||
| 500 | _aProceedings of: Second International Symposium on Mungbean | ||
| 650 | 0 | _aMung bean | |
| 710 | 2 | _aAsian Vegetable Research and Development Center | |
| 942 | _cAEDBB | ||
| 999 |
_c19297 _d19297 |
||